000 00408cam a2200181ua 4500
020 _cRs. 7.00
041 _amal
_h
082 _a954.83
_bKMP/KE
100 _aPaniker, K. M .
245 _aKerala swathanthrya samaram
260 _aQulion :
_bTilak printers ,
_c1956.
300 _a564 ; .
365 _aRs. 7.00
504 _a
942 _cBK
999 _c627
_d627